000 00337nam a2200145Ia 4500
100 _aTurban/Efraim/ Aronson/J.E
250 _a6
942 _cRB
654 _aintelligent
245 _aDecision support systems and intelligent system
260 _bPearson Education
_c2001
082 _a6.3
_bTUR
300 _a867
546 _aENGLISH
999 _c32280
_d32280